| 000 | 00453nam a2200169Ia 4500 | ||
|---|---|---|---|
| 003 | GCL | ||
| 008 | 140319s9999 xx 000 0 eng d | ||
| 040 |
_aGCL / _cGCL |
||
| 082 | 0 | 4 |
_a621.3192 _bS E |
| 100 | 1 | _aSMITH, K.C.A. | |
| 245 | 1 | 0 |
_aELECTRICAL CIRCUITS: AN INTRODUCTION / _cSMITH, K.C.A. |
| 700 | 1 | _aALLEY, R.E. | |
| 260 |
_a[S.N] : _bCAMBRIBGE UNIVERSITY PRESS ، _c1992 |
||
| 300 | _a578 P | ||
| 650 | 0 | 4 | _aELECTRIC CIRCUIT |
| 942 |
_2ddc _cBK |
||
| 999 |
_c20090 _d20090 |
||